01019nam a22003257a 45000010005000000030009000050050017000140070005000310080048000360200015000840400022000990920021001211000017001422400035001592450103001942500012002972600043003093000027003524900018003794900017003977000026004147000026004408300018004668300017004849420012005019450029005139520104005429560032006469990015006780074DO-SdBNP20180119091521.00074151015b sp 1986 xxu||||| |||| 00| 0 spa d a8426109586 aBPMSUbspacBPMSU axxxxxxxbxxxxxxx14aBlyton, Enid10aFive go down to the sea /leng aLos cinco junto al mar /cEnid Blyton ; traducción Isabel Ulsamer ; ilustración José Correas a12a ed. aBarcelona, España :bJuventud,c1986 a159 p. :bil.,c20 cm. aLos cincov35 aJuventudv3510aUlsamer, Isabel,etr.10aCorreas, José,eil. aLos cincon35 aJuventudn35 2ddccBK aInventariado, 2018 / YL 00102ddc4070aBPMETbBPMETd2015-10-15eDonaciónl0pBPMSU15100113r2015-10-15w2015-10-15yBK aBrenda Tavárezb10cBPMSU c8385d8385